Miasta Polski z największą liczbą parków - Statystyki

Ogólne statystyki
  • Ten quiz został rozwiązany 44 razy
  • Średni wynik to 13 z 18
Statystyki odpowiedzi
Liczba parków Miasto % Poprawnych
91 Warszawa
100%
62 Kraków
98%
31 Szczecin
98%
23 Gdańsk
95%
61 Łódź
95%
52 Poznań
95%
65 Wrocław
95%
13 Białystok
93%
15 Rzeszów
90%
44 Bydgoszcz
85%
15 Radom
80%
18 Olsztyn
76%
12 Płock
51%
17 Sosnowiec
44%
15 Bielsko-Biała
34%
26 Tychy
27%
13 Ruda Śląska
15%
12 Busko-Zdrój
2%
Nie znaleziono quizów pasujących do podanych kryteriów
Rozkład punktacji
Procent ludzi z każdym wynikiem
Percentyl według liczby udzielonych odpowiedzi
Twoja historia wyników
Nie rozwiązałeś tego quizu